天北線の駅 - Statistics

General Stats
  • This quiz has been taken 62 times
  • The average score is 13 of 33
Answer Stats
自治体 駅名 % Correct
音威子府村 音威子府駅
96%
浜頓別町 浜頓別駅
96%
中頓別町 中頓別駅
92%
稚内市 南稚内駅
90%
猿払村 猿払駅
77%
稚内市 声問駅
65%
猿払村 鬼志別駅
63%
猿払村 飛行場前駅
60%
音威子府村 (臨)上音威子府駅
56%
中頓別町 小頓別駅
52%
中頓別町 敏音知駅
46%
中頓別町 上頓別駅
42%
稚内市 (臨)東声問駅
42%
中頓別町 松音知駅
38%
浜頓別町 下頓別駅
35%
猿払村 浅茅野駅
29%
稚内市 沼川駅
29%
猿払村 小石駅
27%
中頓別町 寿駅
25%
稚内市 曲淵駅
25%
浜頓別町 常盤駅
23%
稚内市 恵北駅
23%
稚内市 宇遠内駅
23%
中頓別町 恵野駅
21%
浜頓別町 山軽駅
21%
浜頓別町 安別駅
21%
稚内市 樺岡駅
21%
中頓別町 天北栄仮乗降場
19%
中頓別町 上駒駅
19%
浜頓別町 北頓別仮乗降場
19%
中頓別町 周磨駅
15%
中頓別町 新弥生駅
15%
猿払村 芦野駅
13%
No matching quizzes found
Score Distribution
Percent of People with Each Score
Percentile by Number Answered
Your Score History
You have not taken this quiz